Central Library OPAC University of Rajshahi

Plato's Phaedo / (Record no. 32135)

MARC details
000 -LEADER
fixed length control field 00923cam a2200277 a 4500
001 - CONTROL NUMBER
control field 32135
003 - CONTROL NUMBER IDENTIFIER
rucl marc code BD-RjUL
005 - DATE AND TIME OF LATEST TRANSACTION
control field 20211209051807.0
008 - FIXED-LENGTH DATA ELEMENTS--GENERAL INFORMATION
fixed length control field 140423s1954 enk 000 0 eng d
035 ## - SYSTEM CONTROL NUMBER
System control number (BD-RjUL)32224
040 ## - CATALOGING SOURCE
Original cataloging agency BD-RjUL
Language of cataloging eng
Transcribing agency BD-RjUL
041 1# - LANGUAGE CODE
Language code of text/sound track or separate title eng
Language code of original grc
082 ## - DEWEY DECIMAL CLASSIFICATION NUMBER
Classification number 184
Author mark and year PLP 1954
100 0# - MAIN ENTRY--PERSONAL NAME
Personal name Plato.
9 (RLIN) 97803
245 10 - TITLE STATEMENT
Title Plato's Phaedo /
Statement of responsibility, etc. a translation of Plato's Phaedo with introduction, notes and appendices by R. S. Bluck.
260 ## - PUBLICATION, DISTRIBUTION, ETC. (IMPRINT)
Place of publication, distribution, etc. London :
Name of publisher, distributor, etc. Routledge & Kegan Paul,
Date of publication, distribution, etc. 1954
300 ## - PHYSICAL DESCRIPTION
Pagination x, 208 p. ;
Size 22 cm.
500 ## - GENERAL NOTE
General note Translation of: Phaedo.
504 ## - BIBLIOGRAPHY, ETC. NOTE
Bibliography, etc Includes bibliographical references and index.
650 #0 - SUBJECT ADDED ENTRY--TOPICAL TERM
Topical term or geographic name as entry element Immortality.
9 (RLIN) 97804
Topical term or geographic name as entry element Philosophy, Ancient.
9 (RLIN) 97805
700 1# - ADDED ENTRY--PERSONAL NAME
Personal name Bluck, R. S.
Fuller form of name (Richard Stanley)
830 #0 - SERIES ADDED ENTRY--UNIFORM TITLE
Uniform title International library of psychology, philosophy, and scientific method.
942 ## - ADDED ENTRY ELEMENTS (KOHA)
Source of classification or shelving scheme Dewey Decimal Classification
Koha item type Books
Holdings
Lost status Source of classification or shelving scheme Damaged status Not for loan Collection code Permanent Location Current Location Shelving location Date acquired Source of acquisition Cost, normal purchase price Total Checkouts Full call number Date last seen Copy number Koha item type
  Dewey Decimal Classification   Not For Loan Non-fiction Central Library, University of Rajshahi Central Library, University of Rajshahi Reading Room 09/03/1963 Zeitlinger 21.00   184 PLP 1954 23/04/2014 C-1 Books